000 00469nam a2200181Ia 4500
005 20250508161908.0
008 008 250505s9999 xx 000 0 hin d
037 _aTextual
040 _aFEDL
_beng
_cFEDL
041 _ahin
_2hin
084 _a513, NCE
_qFEDL
245 0 _aRekhaganit. Part 1
245 0 _cNCERT
260 _aDelhi, India
_bManager of Publications
_c1969
300 _a74p.
942 _cTEXL
_h513, NCE
999 _c1373033
_d1373033